Szczegóły MARC21

Ucieleśnienie : psychiczne uwarunkowania otyłości u dzieci i osób w wieku dorastania /

003 -Nazwa inst., której nr kontr. jest w polu 001 [,]
    • @
    • Nazwa instytucji, której n kontrolny jest w polu 001
    • NUKAT
005 -DATA I CZAS OSTATNIEJ MODYFIKACJI [,]
    • @
    • pole kontrolne
    • 20241231094606.0
020 -Międzynarod. znormalizowany nr książki - ISBN [ , ]
    • a
    • Numer ISBN
    • 9788373834958 Find
040 -Instytucja sporządzająca opis [ , ]
    • a
    • Instytucja, która sporządziła opis (NP)
    • WR U/hp
    • c
    • Instytucja, która sporządziła rekord (NP)
    • WR U/hp
    • d
    • Instytucja, która zmodyfikowała rekord (P)
    • WR U/hb
    • d
    • Instytucja, która zmodyfikowała rekord (P)
    • WR U/KPs
942 -Rodzaj dokumentu [ , ]
    • c
    • Rodzaj dokumentu
    • Książka
100 -Hasło główne - nazwa osobowa [1, ]
    • a
    • Nazwa osobowa (NP)
    • Radoszewska, Joanna.
    • 9
    • KHW
    • 651779
245 -Strefa tytułu i oznaczenia odpowiedzialności [1,0]
    • a
    • Tytuł
    • Ucieleśnienie : Find
    • b
    • Ciąg dalszy tytułu (NP)
    • psychiczne uwarunkowania otyłości u dzieci i osób w wieku dorastania / Find
    • c
    • Pozostałe elementy strefy tytułu i oznaczenia odpowiedzialności (NP)
    • Joanna Radoszewska.
260 -Strefa adresu wydawniczego [ , ]
    • a
    • Miejsce wydania (P)
    • Warszawa :
    • b
    • Nazwa wydawcy (P)
    • Wydawnictwo Naukowe "Scholar",
    • c
    • Data wydania (P)
    • 2011.
300 -Strefa opisu fizycznego [ , ]
    • a
    • Określenie formy książki i/lub objętość (NP)
    • 222, [1] s. ;
    • c
    • Format (NP)
    • 21 cm.
336 -Typ zawartości [ , ]
    • a
    • Termin opisujący typ zawartości
    • Tekst
    • b
    • Kod określający zawartość
    • txt
    • 2
    • Źródło (terminu i kodu)
    • rdacontent
337 -Typ mediów [ , ]
    • a
    • Tryb odtwarzania
    • Bez urządzenia pośredniczącego
    • b
    • Kod typu mediów
    • n
    • 2
    • Źródło (terminu i kodu)
    • rdamedia
338 -Typ/rodzaj nośnika [ , ]
    • a
    • Hasło opisujące typ nośnika
    • Wolumin
    • b
    • Kod typu nośnika
    • nc
    • 2
    • Źródło (terminu i kodu)
    • rdacarrier
504 -Uwaga dot. bibliogr. załącznikowej [ , ]
    • a
    • Uwaga dot. bibliografii załącznikowej
    • Bibliogr. s. 203-[213]. Indeksy.
521 -Uwaga dot. przeznaczenia czytelniczego [8, ]
    • a
    • Uwaga dot. przeznaczenia czytelniczego
    • Dla psychologów, psychoterapeutów, studentów psychologii i lekarzy.
080 -Uniwersalna Klasyfikacja Dziesiętna [ , ]
    • 4
    • UKD2
    • 8130
    • x
    • Poddział wspólny
    • -053.2
    • c
    • Dopowiedzenie poddz. wspólnego
    • -Dzieci ogólnie.
    • 4
    • UKD2
    • 9150
    • x
    • Poddział wspólny
    • -053.6
    • c
    • Dopowiedzenie poddz. wspólnego
    • -Młodzież. Młodociani. Nieletni.
    • 4
    • UKD2
    • 13173
    • x
    • Poddział wspólny
    • -043.88
    • c
    • Dopowiedzenie poddz. wspólnego
    • -Dojrzewanie.
    • 2
    • Identyfikator wydania tablic
    • UDC-P058
    • 9
    • UKD
    • 2461
    • a
    • Symbol klasyfikacji
    • 159.98
    • b
    • Dopowiedzenie
    • Psychologia stosowana. Psychotechnika.
080 -Uniwersalna Klasyfikacja Dziesiętna [ , ]
    • 4
    • UKD2
    • 8130
    • x
    • Poddział wspólny
    • -053.2
    • c
    • Dopowiedzenie poddz. wspólnego
    • -Dzieci ogólnie.
    • 4
    • UKD2
    • 9150
    • x
    • Poddział wspólny
    • -053.6
    • c
    • Dopowiedzenie poddz. wspólnego
    • -Młodzież. Młodociani. Nieletni.
    • 4
    • UKD2
    • 13173
    • x
    • Poddział wspólny
    • -043.88
    • c
    • Dopowiedzenie poddz. wspólnego
    • -Dojrzewanie.
    • 2
    • Identyfikator wydania tablic
    • UDC-P058
    • 9
    • UKD
    • 2437
    • a
    • Symbol klasyfikacji
    • 159.942
    • b
    • Dopowiedzenie
    • Emocje. Uczucia. Nastroje. Nastrój obniżony (depresja), nastrój wzmożony (euforia, ekstaza, mania), labilność.
080 -Uniwersalna Klasyfikacja Dziesiętna [ , ]
    • 4
    • UKD2
    • 8130
    • x
    • Poddział wspólny
    • -053.2
    • c
    • Dopowiedzenie poddz. wspólnego
    • -Dzieci ogólnie.
    • 4
    • UKD2
    • 9150
    • x
    • Poddział wspólny
    • -053.6
    • c
    • Dopowiedzenie poddz. wspólnego
    • -Młodzież. Młodociani. Nieletni.
    • 4
    • UKD2
    • 13173
    • x
    • Poddział wspólny
    • -043.88
    • c
    • Dopowiedzenie poddz. wspólnego
    • -Dojrzewanie.
    • 2
    • Identyfikator wydania tablic
    • UDC-P058
    • 9
    • UKD
    • 3841
    • a
    • Symbol klasyfikacji
    • 37.018.1
    • b
    • Dopowiedzenie
    • Wychowanie w domu. Wychowanie w rodzinie. Pedagogika rodzinna.
080 -Uniwersalna Klasyfikacja Dziesiętna [ , ]
    • 4
    • UKD2
    • 8130
    • x
    • Poddział wspólny
    • -053.2
    • c
    • Dopowiedzenie poddz. wspólnego
    • -Dzieci ogólnie.
    • 4
    • UKD2
    • 9150
    • x
    • Poddział wspólny
    • -053.6
    • c
    • Dopowiedzenie poddz. wspólnego
    • -Młodzież. Młodociani. Nieletni.
    • 4
    • UKD2
    • 13173
    • x
    • Poddział wspólny
    • -043.88
    • c
    • Dopowiedzenie poddz. wspólnego
    • -Dojrzewanie.
    • 2
    • Identyfikator wydania tablic
    • UDC-P058
    • 9
    • UKD
    • 4679
    • a
    • Symbol klasyfikacji
    • 616-01/-09
    • b
    • Dopowiedzenie
    • Ogólne zagadnienia patologii. Przyczyny, formy, przebieg, rozpoznawanie i leczenie chorób.
650 -Hasło przedmiotowe [ ,7]
    • a
    • Hasło przedmiotowe
    • Otyłość
    • x
    • Określnik rzeczowy
    • aspekt psychologiczny.
    • 2
    • Źródło terminu
    • kaba
    • 9
    • KHW
    • 122799
650 -Hasło przedmiotowe [ ,7]
    • a
    • Hasło przedmiotowe
    • Otyłość u dzieci.
    • 2
    • Źródło terminu
    • kaba
    • 9
    • KHW
    • 122801
650 -Hasło przedmiotowe [ ,7]
    • a
    • Hasło przedmiotowe
    • Otyłość u nastolatków.
    • 2
    • Źródło terminu
    • kaba
    • 9
    • KHW
    • 122802
650 -Hasło przedmiotowe [ ,7]
    • a
    • Hasło przedmiotowe
    • Tożsamość (psychologia)
    • x
    • Określnik rzeczowy
    • badania.
    • 2
    • Źródło terminu
    • kaba
    • 9
    • KHW
    • 651992
650 -Hasło przedmiotowe [ ,7]
    • a
    • Hasło przedmiotowe
    • Psychologia kliniczna.
    • 2
    • Źródło terminu
    • kaba
    • 9
    • KHW
    • 126972
980 -Symbol UKD [ , ]
    • a
    • UKD
    • 159.98:159.942:37.018.1:616-01/-09]-053.2-053.6-043.88
710 -Hasło dodatkowe - nazwa ciała zbiorowego [2, ]
    • a
    • Nazwa ciała zbiorowego lub nazwa geograficzna jako pierwszy element (NP)
    • Wydawnictwo Naukowe Scholar.
    • 4
    • Kod relacji
    • pbl
    • 9
    • KHW
    • 52854
920 -ISBN [ , ]
    • a
    • ISBN
    • 978-83-7383-495-8 Find
Lokalizacja Status udost. Sygnatura Data inwentaryzacji Numer inwentarzowy
BM1Żywienie, nadwaga 232011-10-10WF.8881